| 000 | 00688nam a22001697a 4500 | ||
|---|---|---|---|
| 008 | 110818t1980 ua||||g |||| 000 0 ara d | ||
| 082 |
_222 _bو ت ر _a658 |
||
| 100 |
_926805 _aوتر،محمد ضاهر |
||
| 245 |
_aالإستراتيجية الإدارية / _cتأليف محمد ضاهر وتر |
||
| 260 |
_aسوريا: _bمؤسسة الرسالة،1980. _c1980. |
||
| 300 |
_a793ص ؛ _c24سم. |
||
| 504 | _aيشتمل على إرجاعات ببليوجرافية:ص 788-791 | ||
| 650 |
_914798 _aالإدارة |
||
| 653 |
_bGeneral _cAugust2011 |
||
| 942 |
_2ddc _cBB |
||
| 999 |
_c15877 _d15877 |
||